00288 a2200109 4500001000700000020000600007040001100013100002400024240006300048245005800111362000900169169704 a  cMagnum aSesc - Minas Gerais10aPesquisando machado de assis - 160 anos de nascimentolpor10aPesquisando machado de assis - 160 anos de nascimento0 a1899